Vista normal
Vista MARC
- DESARROLLO INFANTIL
Entrada Topical Term
Número de registros utilizados en: 1
001 - CONTROL NUMBER
- control field: 63751
003 - CONTROL NUMBER IDENTIFIER
- control field: OSt
005 - DATE AND TIME OF LATEST TRANSACTION
- control field: 20220614165537.0
008 - FIXED-LENGTH DATA ELEMENTS
- fixed length control field: 220614|| aca||aabn | a|a d
040 ## - CATALOGING SOURCE
- Original cataloging agency: OSt
- Transcribing agency: OSt
150 ## - HEADING--TOPICAL TERM
- Topical term or geographic name entry element: DESARROLLO INFANTIL
670 ## - SOURCE DATA FOUND
- Source citation: Work cat.: (OSt)5622: UNED 3215, El niño sensorial: enriquecimiento y potencia del desarrollo infantil. (VII Conferencia Mundial de Estimulación Prenatal y Desarrollo Infantil), 2014